| 000 | 00872 a2200265 4500 | ||
|---|---|---|---|
| 003 | CBULib | ||
| 005 | 20250218124208.0 | ||
| 008 | 241209b |||||||| |||| 00| 0 eng d | ||
| 020 | _a9780745649382 | ||
| 040 |
_bEnglish _cCBULib _erda |
||
| 050 | _a GT 525 Ent | ||
| 100 | _aEntwistle, Joanne | ||
| 245 |
_aThe fashioned body : fashioned, dress and modern social theory _c/ by Joanne Entwistle |
||
| 250 | _aSecond edition. | ||
| 260 |
_bPolity Press, _c2015 _aCambridge : |
||
| 300 | _axxix, 273 pages : illustrations | ||
| 336 |
_2rdacontent _aText | _btxt |
||
| 337 |
_2rdamedia _aUnmediated | _bn |
||
| 338 |
_2rdacarrier _aVolume _bnc |
||
| 500 | _aIncludes bibliographical references and an index | ||
| 650 | 0 |
_94106 _aBEAUTY AND FASHION |
|
| 650 | 0 |
_94109 _aHUMAN BODY SOCIAL ASPECTS |
|
| 650 | 0 |
_94107 _aCLOTHING AND DRESS SOCIAL ASPECTS |
|
| 942 |
_2lcc _c002 |
||
| 999 |
_c85838 _d85838 |
||